00933cam a22002775a 45000010009000000050017000090080041000260100017000670200039000840200036001230350024001590400039001830410008002220420014002300430012002440800017002560820021002731000007002941010008003012450105003095040051004149060045004659420012005109990017005229520116005391588306920180202041149.0090827s2011 mauab b 001 0 eng d a 2009935789 a9780495797135 (student ed. : pbk.) a0495797138 (student ed. : pbk.) a(OCoLC)ocn430053473 aBTCTAcBTCTAdIEFdYDXCPdVXXdDLC aeng alccopycat an-us--- a320.973 ste04a320.973 ste2221 a20 apol10aAmerican government and politics today :cSteffen W. Schmidt, Mack C. Shelley II, Barbara A. Bardes. aIncludes bibliographical references and index. a0bibcccopycatd2encipf20gy-gencatlg 2ddccBK c41586d41586 00102udc40708PËKGa002b002cPËKGd2018-02-02l0o320.973 step002-2997530r2018-02-02w2018-02-02yBK